Instructiones ad Provinciales et Superiores Societatis auctoritate Congreg. VII ut directiones tantum seorsim impressae

Detalles Bibliográficos
Autor principal: Jesuitas
Formato: Libro
Lenguaje:Latin
Publicado: Romae : in Collegio Romano ejusdem Societatis, 1616.
Materias:
Colección:Banco de datos
Acervo:Fondo Antiguo José Gutiérrez Casillas. S.J. de la Biblioteca Eusebio F. Kino. de la Provincia Mexicana de la Compañía de Jesús
Descripción Física:128 p., [4] h. ; 8°
Tema general:Religiosos
Notas:Portada tipográfica con orla y escudo de la Sociedad de Jesús en grabado xilográfico. Texto a renglón seguido con paginación en números arábigos, cornisas, apostillas marginales, signaturas y reclamos. Incluye cabeceras de título, letras capitulares y viñetas finales con motivos florales en grabado xilográfico. Encuadernación en pergamino. Encuadernado en 16480. Daños de polilla. Daños en la encuadernación, cubierta desprendida
LEADER 01179nam a22002050004500
035 |a 1647 
041 0 |a lat 
100 1 |a Jesuitas 
245 1 0 |a Instructiones ad Provinciales et Superiores Societatis auctoritate Congreg. VII ut directiones tantum seorsim impressae  
260 |a Romae : in Collegio Romano ejusdem Societatis, 1616. 
300 |a 128 p., [4] h. ; 8° 
500 |a Portada tipográfica con orla y escudo de la Sociedad de Jesús en grabado xilográfico. Texto a renglón seguido con paginación en números arábigos, cornisas, apostillas marginales, signaturas y reclamos. Incluye cabeceras de título, letras capitulares y viñetas finales con motivos florales en grabado xilográfico. Encuadernación en pergamino. Encuadernado en 16480. Daños de polilla. Daños en la encuadernación, cubierta desprendida 
501 |a 3\obras 
504 |a Al final de la obra está el índice de cosas y palabras notables 
610 1 4 |a Jesuitas 
650 1 0 |a Religiosos 
949 |a 50824 
942 |c KINO 
943 |g Fondo Antiguo José Gutiérrez Casillas. S.J. de la Biblioteca Eusebio F. Kino. de la Provincia Mexicana de la Compañía de Jesús 
999 |c 1094536  |d 1094536